000 00281nam a2200097Ia 4500
008 220120s9999||||xx |||||||||||||| ||und||
100 _aNarayanaswamy, K.R
_912058
245 0 _aU- Law compading
260 _aCoorg Institute of Technology
_bPonnampet
_c2005
650 _aCOMPUTER SCIENCE
999 _c137642
_d137642